000 00595nam a2200193 a 4500
005 20210223130314.0
008 071003s1994 mx r 000 0 spa d
020 _a9686849041
035 _aUPN01000152560
049 _aCG
050 4 _aTP248.215
_bG3.2
100 1 _aGarcía Fernández, Horacio
245 1 0 _aBiotecnología :
_bla lámpara de Aladino /
_cHoracio García Fernández.
260 _aMéxico :
_bADN :
_bCONACULTA,
_c1994.
300 _a109 p. :
_bil.
440 0 _aViaje al centro de la ciencia ;
_v2
650 4 _aBIOTECNOLOGIA -
_vOBRAS DE DIVULGACION
_98058
905 _aLibro
999 _c124683
_d124683